Երկերի ժողովածու : (Record no. 90910)
[ view plain ]
| 000 -LEADER | |
|---|---|
| fixed length control field | 00977nam a2200229 a 4500 |
| 001 - CONTROL NUMBER | |
| control field | 000253162 |
| 003 - CONTROL NUMBER IDENTIFIER | |
| control field | AM-YeHGA |
| 005 - DATE AND TIME OF LATEST TRANSACTION | |
| control field | 20250618071711.0 |
| 008 - FIXED-LENGTH DATA ELEMENTS--GENERAL INFORMATION | |
| fixed length control field | 030808s1955 ||||||||||||||||||||arm d |
| 040 ## - CATALOGING SOURCE | |
| Original cataloging agency | AM-YeHGA |
| 090 ## - LOCALLY ASSIGNED LC-TYPE CALL NUMBER (OCLC); LOCAL CALL NUMBER (RLIN) | |
| -- | 92205 |
| 100 1# - MAIN ENTRY--PERSONAL NAME | |
| Personal name | Արազի, Մովսես, |
| Dates associated with a name | 1878-1964 |
| 9 (RLIN) | 972 |
| 245 10 - TITLE STATEMENT | |
| Title | Երկերի ժողովածու : |
| Remainder of title | 3 հ. / |
| Statement of responsibility, etc. | Արազի; Խմբ.՝ Մ. Ավագյան, Ս. Ումառյան, Ռ. Սարգսյան; Նկ.՝ Ա. Խուդավերդյան. |
| 260 ## - PUBLICATION, DISTRIBUTION, ETC. | |
| Place of publication, distribution, etc. | Երևան : |
| Name of publisher, distributor, etc. | Հայպետհրատ, |
| Date of publication, distribution, etc. | 1955. |
| 300 ## - PHYSICAL DESCRIPTION | |
| Extent | 3 հ. ; |
| Dimensions | 21 սմ. |
| 505 10 - FORMATTED CONTENTS NOTE | |
| Miscellaneous information | Հ. 1 (1955, 370 էջ) |
| -- | Հ. 2 (1956, 359 էջ) |
| -- | Հ. 3 (1957, 423 էջ) |
| 650 14 - SUBJECT ADDED ENTRY--TOPICAL TERM | |
| Topical term or geographic name entry element | Հայ գրականություն |
| General subdivision | Արձակ |
| 700 1# - ADDED ENTRY--PERSONAL NAME | |
| Personal name | Ավագյան, Մ. |
| Relator term | խմբ. |
| Relationship | edt |
| 700 1# - ADDED ENTRY--PERSONAL NAME | |
| Personal name | Ումառյան, Սերգեյ Հովհաննեսի, |
| Dates associated with a name | 1920-1995 |
| Relator term | խմբ. |
| Relationship | edt |
| 9 (RLIN) | 2472 |
| 700 1# - ADDED ENTRY--PERSONAL NAME | |
| Personal name | Սարգսյան, Ռ. |
| Relator term | խմբ. |
| Relationship | edt |
| 700 1# - ADDED ENTRY--PERSONAL NAME | |
| Personal name | Խուդավերդյան, Ա. |
| Relator term | նկ. |
| Relationship | art |
| 9 (RLIN) | 8581 |
| Withdrawn status | Lost status | Damaged status | Not for loan | Collection | Home library | Current library | Date acquired | Serial enumeration / chronology | Total checkouts | Full call number | Barcode | Date last seen | Price effective from | Koha item type | Public note | Cost, replacement price | Source of classification or shelving scheme |
|---|---|---|---|---|---|---|---|---|---|---|---|---|---|---|---|---|---|
| General | Fundamental Scientific Library | Fundamental Scientific Library | 22/12/2016 | 1 | AII/26908 | 220026908 | 22/12/2016 | 22/12/2016 | Գրքեր / Books | 30 Days Loan | |||||||
| General | Fundamental Scientific Library | Fundamental Scientific Library | 22/12/2016 | 1 | AII/26909 | 220026909 | 22/12/2016 | 22/12/2016 | Գրքեր / Books | 30 Days Loan | |||||||
| General | Fundamental Scientific Library | Fundamental Scientific Library | 22/12/2016 | 2 | AII/26910 | 220026910 | 22/12/2016 | 22/12/2016 | Գրքեր / Books | 30 Days Loan | 7.00 | ||||||
| General | Fundamental Scientific Library | Fundamental Scientific Library | 22/12/2016 | 2 | AII/26911 | 220026911 | 22/12/2016 | 22/12/2016 | Գրքեր / Books | 30 Days Loan | 7.00 | ||||||
| General | Fundamental Scientific Library | Fundamental Scientific Library | 22/12/2016 | 2 | AII/26912 | 220026912 | 22/12/2016 | 22/12/2016 | Գրքեր / Books | 30 Days Loan | 7.00 | ||||||
| General | Fundamental Scientific Library | Fundamental Scientific Library | 22/12/2016 | 3 | AII/26913 | 220026913 | 22/12/2016 | 22/12/2016 | Գրքեր / Books | 30 Days Loan | |||||||
| General | Fundamental Scientific Library | Fundamental Scientific Library | 22/12/2016 | 3 | AII/26914 | 220026914 | 22/12/2016 | 22/12/2016 | Գրքեր / Books | 30 Days Loan | |||||||
| General | Fundamental Scientific Library | Fundamental Scientific Library | 22/12/2016 | 3 | AII/26915 | 220026915 | 22/12/2016 | 22/12/2016 | Գրքեր / Books | 30 Days Loan | |||||||
| General | Fundamental Scientific Library | Fundamental Scientific Library | 22/12/2016 | 1 | AII/26973 | 220026973 | 22/12/2016 | 22/12/2016 | Գրքեր / Books | 30 Days Loan | |||||||
| Hovhannisian Individual Collection | Fundamental Scientific Library | Fundamental Scientific Library | 10/07/2018 | Հ. 1 | Հովհ/2376 | FL0508177 | 10/07/2018 | 10/07/2018 | Գրքեր / Books | ILL Non-Circ. | Universal Decimal Classification |
ՀՀ Գիտությունների ազգային ակադեմիայի հիմնարար գիտական գրադարան = Fundamental Scientific Library of NAS RA
All site content, except where otherwise noted, is licensed under a